zpět

Detail výsledku týmu

Záložna ST, Pardubice

Datum a čas kvízu

32.5 Celkem bodů Celkový počet nahraných bodů na tomto kvízu bez doplňovacích otázek.
11. Pořadí na kvízu Konečné umístění týmu na tomto kvízu.

Zaznamenané odpovědi

# Otázka Odpověď Body Výsledky
1. Jak jste pravděpodobně zazname... Mortimer 0
2. V sousedním Rakousku před něko... Sebastian Kurz 1
3. Minulý týden vstoupil do český... Joaquin Phoenix 1
4. Tradiční český prodejce hudebn... Bontonland 1
5. V pražské O2 areně v pátek zač... Philadelphia Flyers, Chicago Blackhawks 1
6. Napíšete-li název afghánské le... Bagrám 0
7. Jak se jmenuje současný náčeln... Aleš Opata 0
8. Jak se nazývá město, u něhož s... Čáslav 1
9. Jednou z prvních zahraničních... Bosna a Hercegovina 0
10. Napište čtyřpísmenné označení... BREN 0